| 000 | 00343nam a2200109Ia 4500 | ||
|---|---|---|---|
| 008 | 171204s9999 xx 000 0 und d | ||
| 245 | _aOld Chinese: A New Reconstruction | ||
| 245 | _cLaurent Sagart and William H. Baxter | ||
| 260 | _c2014 | ||
| 650 | _xForeign Language 3 (Mandarin) | ||
| 856 | _uhttp://down.ebook777.com/018/OldChiANewRec.pdf | ||
| 999 |
_c346678 _d346678 |
||